Normal view
MARC view
Entry Personal Name
001 - CONTROL NUMBER
- control field: 38391
003 - CONTROL NUMBER IDENTIFIER
- control field: ARRUPE
005 - DATE AND TIME OF LATEST TRANSACTION
- control field: 20180111122525.0
008 - FIXED-LENGTH DATA ELEMENTS
- fixed length control field: 180111|| aca||aabn | a|a d
040 ## - CATALOGING SOURCE
- Original cataloging agency: ARRUPE
- Transcribing agency: ARRUPE
100 ## - HEADING--PERSONAL NAME
- Personal name: Maritain, Jacques,
- Dates associated with a name: 1882-1973
- General subdivision: Political and social views.
670 ## - SOURCE DATA FOUND
- Source citation: Work cat.: (ARRUPE)0: DiJoseph, John. 38390, Jacques Maritain and the moral foundation of democracy /, c1996.